000 01070nam a22003137a 4500
003 DO-SdBPM
005 20250221092235.0
008 161031b2008 ch a 00| 0 spa d
020 _a9781407533186
020 _a
040 _aDO-SdBPM
_bspa
_cBPMSU
082 4 _a823.91
_bH282p 2008
_222
100 1 _a Harker, Jillian
245 1 0 _a¡Por favor! ¡Gracias! /
_cJillian Harker ; Colaborador(es): O'Neill, Rachael ilustrador
260 _aNew York :
_bParragón,
_c2008
300 _a(27) p. :
_bil. ;
_c24 cm.
490 0 _aBuenos Modales
500 _aLibro de pasta dura.
500 _aBasado en los cuentos de Winnie the Pooh de A. A. Milne y las ilustraciones de E. H. Shepard
500 _aLibro de paginas de cartón.
590 _aInventariado, 2025/VM
650 4 _aCuentos infantiles ingleses.
650 4 _aLiteratura infantil inglesa
_2
650 4 _a Cortesía
_vCuentos infantiles
700 1 _aOneill, Rachael
_eilustraciones
700 1 2 _aÁlba, Arlette de
_etrad.
910 _aVMateo V. Control de calidad BPMSU
942 _2ddc
_cBK
999 _c14947
_d14947